La salvación del alma moderna : (Record no. 161032)

MARC details
000 -CABECERA
campo de control de longitud fija 00907nam a2200253 u 4500
005 - FECHA Y HORA DE LA ÚLTIMA TRANSACCIÓN
campo de control 20220523165725.0
008 - ELEMENTOS DE LONGITUD FIJA--INFORMACIÓN GENERAL
campo de control de longitud fija 121123s2010 r 000 0 eng d
020 ## - NÚMERO INTERNACIONAL NORMALIZADO PARA LIBROS
Número Internacional Estándar del Libro 9789871566150 (Argentina)
020 ## - NÚMERO INTERNACIONAL NORMALIZADO PARA LIBROS
Número Internacional Estándar del Libro 9788492946013 (España)
035 ## - NÚMERO DE CONTROL DEL SISTEMA
Número de control de sistema UPN01000188929
049 ## - COLECCIÓN
Colección CG
050 #4 - SIGNATURA TOPOGRÁFICA DE LA BIBLIOTECA DEL CONGRESO
Número de clasificación HN90 M6
Número de documento/Ítem I4.7
100 1# - ASIENTO PRINCIPAL--NOMBRE PERSONAL
Nombre de persona Illouz, Eva,
Fechas asociadas al nombre 1961-
9 (RLIN) 33347
245 13 - MENCIÓN DE TÍTULO
Título La salvación del alma moderna :
Resto del título terapia, emociones y la cultura de la autoayuda /
Mención de responsabilidad, etc. Eva Illouz ; tr. por Santiago Llach.
260 ## - PUBLICACIÓN, DISTRIBUCIÓN, ETC.
Lugar de publicación, distribución, etc. Buenos Aires ;
-- Madrid :
Nombre del editor, distribuidor, etc. Katz,
Fecha de publicación, distribución, etc. 2010.
300 ## - DESCRIPCIÓN FÍSICA
Extensión 316 p.
440 #0 - MENCIÓN DE SERIE/ASIENTO SECUNDARIO--TÍTULO
Título Conocimiento ;
Designación de volumen o secuencia 3063
534 ## - NOTA SOBRE LA VERSIÓN ORIGINAL
Frase introductoria Título original:
Mención de título del original Saving the modern soul : therapy, emotions, and the culture of self-help
650 #4 - ASIENTO SECUNDARIO DE MATERIA - TERMINO TEMATICO
Término de materia o nombre geográfico como elemento de entrada VALORES SOCIALES -
Subdivisión geográfica ESTADOS UNIDOS
9 (RLIN) 441
650 #4 - ASIENTO SECUNDARIO DE MATERIA - TERMINO TEMATICO
Término de materia o nombre geográfico como elemento de entrada PSICOANALISIS Y CULTURA
9 (RLIN) 5931
650 #2 - ASIENTO SECUNDARIO DE MATERIA - TERMINO TEMATICO
Término de materia o nombre geográfico como elemento de entrada Psicoterapia
Subdivisión general Aspectos sociales
9 (RLIN) 20741
905 ## - TIPO DE MATERIAL
Tipo de material Libro
Holdings
Estado de retiro Estado de pérdida Fuente del sistema de clasificación o colocación Estado dañado No para préstamo Código de colección Localización permanente Ubicación/localización actual Ubicación en estantería Total de préstamos Clasificación Código de barras Fecha visto por última vez Número de copia Tipo de ítem Koha
    Library of Congress Classification     Colección General Bib. Gregorio Torres Quintero Bib. Gregorio Torres Quintero Planta baja   HN90 M6 I4.7 286537 31/12/2020 1 Libro
    Library of Congress Classification     Colección General Bib. Gregorio Torres Quintero Bib. Gregorio Torres Quintero Planta baja 1 HN90 M6 I4.7 286536 31/12/2020 1 Libro
    Library of Congress Classification     Colección General Bib. Gregorio Torres Quintero Bib. Gregorio Torres Quintero Planta baja   HN90 M6 I4.7 286538 31/12/2020 1 Libro